Dérive pour six instruments: flute clarinette, violon, violoncelle, vibraphone, piano
-д хадгалсан:
| Үндсэн зохиолч: | |
|---|---|
| Формат: | Ном |
| Хэл сонгох: | англи франц герман |
| Хэвлэсэн: |
Viena, Austria
Universal
1984
|
| Цуврал: | Universal Edition.
18103 |
| Нөхцлүүд: | |
| Шошгууд: |
Шошго нэмэх
Шошго байхгүй, Энэхүү баримтыг шошголох эхний хүн болох!
|
MARC
| LEADER | 00000nam a2200000 a 4500 | ||
|---|---|---|---|
| 001 | UCY1398 | ||
| 003 | CL-VaPUC | ||
| 005 | 20250226163301.0 | ||
| 008 | 940831e19840000AU |||||||||||||||||eng|d | ||
| 999 | |c 230112 |d 230110 | ||
| 040 | |c Pontificia Universidad Católica de Valparaíso | ||
| 041 | 0 | 7 | |a eng |2 CL-VaPUC |
| 041 | 0 | 7 | |a fre |2 CL-VaPUC |
| 041 | 0 | 7 | |a ger |2 CL-VaPUC |
| 082 | 0 | 4 | |a Sx785.34 BOU 1984 |2 21 |
| 100 | 0 | |a Boulez, Pierre |9 329367 | |
| 245 | 1 | 0 | |a Dérive pour six instruments: flute clarinette, violon, violoncelle, vibraphone, piano |
| 260 | 0 | 3 | |a Viena, Austria |b Universal |c 1984 |
| 300 | |a 17 páginas | ||
| 490 | 0 | |a Universal Edition. |v 18103 | |
| 583 | |a last modification |c 19940831 00:00:00 |k Rodrigo Vera | ||
| 650 | 0 | |a Sextetos, partituras |9 329368 | |
| 650 | 7 | |a MUSICA DE CAMARA |2 CL-VaPUC |9 329369 | |
| 650 | 0 | |a Sexteto de vientos de madera, cuerdas, percusión y piano |9 329370 | |
| 650 | 0 | |a Música para flauta, clarinete, violín, violón, cello, vibráfono y piano |9 329371 | |
| 650 | 0 | |a Compositores franceses |9 328980 | |
| 650 | 0 | |a Música francesa, siglo 20 |9 328981 | |
| 650 | 0 | |a Música contemporánea |9 306742 | |
| 942 | |c BK |2 ddc | ||
| 945 | |d 19940831 00:00:00 |a oaravena | ||
| 952 | |0 0 |1 0 |2 ddc |4 0 |6 SX_785_340000000000000_BOU_1984 |7 0 |8 F |9 232118 |a BIBEDU |b BIBEDU |d 2019-11-15 |i 2998181 |o Sx785.34 BOU 1984 |p 2998181 |r 2023-11-22 |t 1 |w 2019-11-15 |y BK_F |k MUS | ||